000 01005nam a2200265Ia 4500
008 191130s2001##################000#0#eng##
020 _a9781573928960
022 _a51830
040 _aACL
_cACL
082 _a793.8092 POL
100 _aPolidoro, Massimo
245 _aFinal seance : the strange friendship between Houdini and Conan Doyle
_cMassimo Polidoro
260 _aAmherst, NY
_bPrometheus Books
_cc2001
300 _a264 p. : ill. ; 23 cm
500 _aIncludes bibliographical references (p. 245-252) and index
650 _aAuthors, Scottish - 20th century - Biography
650 _aDoyle, Arthur Conan, Sir, 1859-1930 - Friends and associates
650 _aDoyle, Arthur Conan, Sir, 1859-1930 - Knowledge - Occultism
650 _aHoudini, Harry, 1874-1926 - Friends and associates
650 _aMagicians - United States - Biography
650 _aOccultists - Great Britain - Biography
990 _a97741520ac10000c05c819ea488b4afe
991 _a334514
999 _c183479
_d183479